01552nam a2200385Ia 4500001001200000003000800012006001900020007001500039008004100054010001700095020001500112020001500127040002100142035002100163050002700184082002200211100002800233245006300261246006100324260004400385300002500429490002200454504006500476533015200541650004700693650004900740650004200789650006400831650004200895655002900937710001700966830004000983856012601023999001701149ebr10060677CaPaEBRm u cr cn|||||||||930205s1993 enka sb 001 0 eng d z 93006922  z0203136683 z0415092442 aCaPaEBRcCaPaEBR a(OCoLC)25279049414aLB2367.G76bC43 1993eb04a378.1/68/09412201 aChallis, Maggie,d1952-10aIntroducing APELh[electronic resource] /cMaggie Challis.3 aIntroducing Accreditation of Prior Experiential Learning aLondon ;aNew York :bRoutledge,c1993. axiii, 157 p. :bill.1 aFurther education aIncludes bibliographical references (p. [150]-15) and index. aElectronic reproduction.bPalo Alto, Calif. :cebrary,d2009.nAvailable via World Wide Web.nAccess may be limited to ebrary affiliated libraries. 0aCollege-level examinationszGreat Britain. 0aSchool creditszGreat BritainxOutside work. 0aExperiential learningzGreat Britain. 0aTechnical instituteszGreat BritainxEntrance requirements. 0aOccupational trainingzGreat Britain. 7aElectronic books.2local2 aebrary, Inc. 0aFurther education (London, England)40uhttp://site.ebrary.com/lib/rucke/Doc?id=10060677zAn electronic book accessible through the World Wide Web; click to view c46140d46140